000 00531nam a2200193Ia 4500
001 19044
003 GE_BSU
008 181216s||||||||xx |||||||||||||| ||und||
040 _cGE_BSU
245 _aПедагогика № 3. 2016.
245 _cГл. ред. Р.С.Бозиев
260 _aMосква.
260 _c2016
300 _a128ст.24см.
653 _aНаучн-технич. журнал РА образования
653 _aПедагогика
653 _aპერიოდიკა
942 _cCR
999 _c52040
_d52040